000 00708cam a22002531 4500
001 sa 68000983
003 DLC
005 20260227112429.0
008 711108s1967 ii b 000 0 eng
010 _asa 68000983
025 _aPL480:I-E-9223
040 _aDLC
_cDLC
_dDLC
043 _aa-ii---
050 0 0 _aLA1153
_b.D67
082 0 0 _a378.1/00954
100 1 _aDongerkery, S. R.
_q(Sunderrao Ramrao),
_d1898-
245 1 0 _aUniversity education in India,
_cby S. R. Dongerkery.
260 _aBombay,
_bManaktalas
_c[1967]
300 _axiv, 360 p.
_c23 cm.
350 _aRs36
504 _aBibliography: p. 345-348.
650 0 _aUniversities and colleges
_zIndia.
650 0 _aEducation, Higher.
999 _c77606
_d77606